| 000 | 00000nam##2200000za#4500 |
| 001 | 9.615362 |
| 003 | CaOODSP |
| 005 | 20200327135908 |
| 007 | co ||||||||||| |
| 008 | 150406|2000||||xxc |q d f### # eng|d |
| 020 | |a0-662-29500-5 |
| 040 | |aCaOODSP|beng |
| 043 | |an-cn--- |
| 086 | 1 |aA54-8/2000-2E-MRC |
| 110 | 1 |aCanada. |bAgriculture and Agri-Food Canada. |bResearch Branch. |
| 245 | 10|aAlberta landforms : |h[electronic resource]|bquantitative morphometric descriptions and classification of typical Alberta landforms / |cby R. A. MacMillan and W. W. Pettapiece. |
| 260 | |aOttawa - Ontario : |bAgriculture and Agri-Food Canada. |c2000. |
| 300 | |a1 disc. |
| 490 | 1 |aTechnical bulletin|v2000-2E |
| 590 | |a01-24|b2001-06-15 |
| 690 | 07|aGeography|2gcpds |
| 690 | 07|aTopography|2gcpds |
| 720 | 1 |aPettapiece, W. W. |
| 720 | 1 |aMacMillan, R. A. |
| 776 | 0#|tAlberta landforms |w(CaOODSP)9.577345 |
| 830 | #0|aTechnical bulletin ;|v2000-2E|w(CaOODSP)9.514412 |